000 00301nam a2200085Ia 4500
008 220120s9999||||xx |||||||||||||| ||und||
100 _aKavana C.R, Salonee, Suma H and sumana V
_912434
245 0 _aNetwork security on encryption and cryptography
260 _aCoorg Institute of Technology
_bPonnampet
_c2002
999 _c138021
_d138021